| 000 | 00340nam a22001217a 4500 | ||
|---|---|---|---|
| 999 |
_c1285 _d1285 |
||
| 005 | 20200828101604.0 | ||
| 008 | 200828b ||||| |||| 00| 0 eng d | ||
| 020 | _a033336502X | ||
| 040 | _cCML | ||
| 245 |
_a40 Science Activities. _cSmith, G. |
||
| 260 |
_aLondon _bMacmillan _c1985 |
||
| 942 |
_2ddc _cBK _e1st Edition _h507 _mSMI |
||